00785nam a2200253 a 4500001001300000003000900013005001700022008004100039020002300080082001600103100002200119245007900141260002600220300000900246500003500255505003000290650001800320700002100338700002300359902000800382942000700390952011700397999001700514nice12345678IN_TiNIC20260116013825.0050524s1991 leia grp 000 0 eng  a9004083 c10000a962.03bDAM aDamurdashi, Ahmad aAl-Damurdashi`s Chronicle of Egypt, 1688-1755 Al-Durra Al-Musana Fi Akhbar aLeiden bBrill c1991 a424p aincludes index and biblioraphy2 aBibliography, Maps, Index aIslam-History1 aDaniel Crecelius1 aAbd Al Wahhab Bakr bSRS cBK 001040708StackRoom-aHMIbHMId2007-05-30g100.00l0o962.03 DAMp016786r2007-05-30v100.00w2005-05-24yBK c12675d12675